Statistiques concernant 🎶 Paroles : "Octobre" de Francis Cabrel

Cliquez ici pour prendre le quiz!

Statistiques générales

  • Ce quiz a été pris 298 fois
  • Le résultat moyen est 150 sur 195

Statistiques - réponses

Mots% Correct
à
100%
s'
100%
Le
98%
le
98%
Octobre
98%
de
97%
les
97%
Des
96%
des
96%
sa
96%
t'
96%
La
93%
la
93%
blanc
92%
fer
92%
sur
92%
Sur
92%
dans
91%
et
91%
Et
91%
vent
91%
en
90%
qu'
90%
blanche
89%
robe
89%
y
89%
Y
89%
ce
88%
se
88%
fera
87%
Il
87%
aura
86%
branches
86%
Pour
86%
pour
86%
feuilles
85%
nous
83%
qui
83%
ne
82%
viendra
82%
partout
81%
craquer
80%
pas
80%
revanche
80%
sous
78%
tes
78%
cailloux
76%
Je
75%
On
75%
on
75%
prenne
75%
tiendra
75%
aux
74%
couleurs
73%
tout
73%
fleurs
72%
Quelques
72%
quelques
72%
Tu
72%
du
70%
nuages
70%
soleil
70%
certainement,
69%
Certainement
69%
illumine
69%
Mes
69%
nappes
69%
peine
68%
cheveux
66%
offrirai
66%
soir
66%
ira
65%
laine
65%
traînent
65%
bancs
64%
bouts
64%
fenêtres
64%
mains
64%
Nos
64%
tables
64%
antennes
63%
collines
63%
deux
63%
haut
63%
sortira
63%
Comme
62%
être
62%
pris
62%
vous
62%
Vous,
62%
brume
61%
peut-
61%
vides
61%
enfants
60%
vases
60%
Couchées
58%
souviennent
58%
cacheront
57%
verra
57%
buée
56%
corps
56%
fontaines
56%
monde
56%
Regarder
56%
apparaître
55%
Devant
55%
écharpes
55%
dehors
54%
nord
54%
appuyés
53%
hommes
52%
incline
51%
endormi
50%
foulards
50%
Perdue
50%
jouerez
49%
restera
49%
sans
49%
dessins
46%
croiseras
44%
doute
40%

Distribution des résultats

Percentile par nombre de réponses

% des personnes avec chaque résultat

Votre développement - résultats

Vous n’avez pas pris ce quiz